Estadísticas para Los 100 barrios porteños

Haz click aquí para intentar la prueba.

Estadísticas generales

  • Esta prueba ha sido intentada 26 veces
  • La puntuación promedio es 9 de 48

Respuestas en el mapa

Las respuestas están codificadas por una escala verde-roja en el mapa de la prueba según el % correcto abajo.
 

Estadísticas de respuestas

Respuesta% Correcto
Nuñez
46%
Palermo
46%
Villa Urquiza
46%
Belgrano
38%
Liniers
38%
Puerto Madero
38%
San Telmo
38%
Villa Lugano
38%
Almagro
31%
Caballito
31%
La Boca
31%
Saavedra
31%
Barracas
23%
Constitución
23%
Flores
23%
Mataderos
23%
Montserrat
23%
Recoleta
23%
Retiro
23%
Versalles
23%
Villa Real
23%
Villa Soldati
23%
Agronomía
15%
Chacarita
15%
Coghlan
15%
Colegiales
15%
Floresta
15%
Parque Chas
15%
Parque Patricios
15%
San Cristóbal
15%
San Nicolas
15%
Villa Devoto
15%
Villa Riachuelo
15%
Balvanera
8%
La Paternal
8%
Monte Castro
8%
Parque Avellaneda
8%
Velez Sarsfield
8%
Villa Crespo
8%
Villa del Parque
8%
Boedo
0%
Nueva Pompeya
0%
Parque Chacabuco
0%
Villa Luro
0%
Villa Mitre
0%
Villa Ortuzar
0%
Villa Pueyrredón
0%
Villa Santa Rita
0%

Distribución de puntuación

Porcentaje por número respondido

Porcentaje de gente con cada puntuación

Historial de tus puntuaciones

No has intentado esta prueba.